000 01143nam2a22002411 4500
001 v19\rc\2101260
005 20250620050631.0
035 _a(NLR Aleph) 005184353
090 _a5153788
_c5153788
100 _a20090914d1823 |||y0rusy50 ca
101 1 _arus
_cfre
102 _aRU
140 _ay у kc yyyaa0000
200 1 _aДополнение к начальным основаниям алгебры.
_fСоч. С.Ф. Лакроа.
_gПеревел с французскаго П. Смирнов
210 _d1823
_aБ. м.
215 _a[4], V, [1], 326, [2] c.
461 0 _1001v19\rc\2101258
_12001#$aКурс математики$fСоч. [С.Ф.] Лакроа.$vЧ. 4
_1700#1$aЛакруа$bС.Ф.$f1765-1843$gСильвестр Франсуа$4070
_95153783
_aЛакруа, С.Ф. (1765-1843)
_c[Санкт-Петербург]
_d[1817-1823]
_fСоч. [С.Ф.] Лакроа.
_n[в типографии В. Плавильщикова]
_p7 т.
_tКурс математики
_vЧ. 4
801 0 _aRU
_bNLR
_gpsbo
801 1 _aRU
_bProSoft-M
_2rusmarc
852 _aNLR
_j18.73.2.56 (ч.4)
942 _cBOOK
980 _aNB